000 00320nam a2200133Ia 4500
008 260604s9999 xx 000 0 und d
020 _a9781627794213
082 _a823.92 FAY
100 _aHenry Holt & Company Inc
_935329
245 0 _aThe Journey to Dragon Island
260 _bSHREE
500 _aDragon
942 _cBK
999 _c8108
_d8108